Human growth and development / (Record no. 1054)

000 -LEADER
fixed length control field 00667cam a2200229 a 4500
001 - CONTROL NUMBER
control field 15719149
003 - CONTROL NUMBER IDENTIFIER
control field OSt
005 - DATE AND TIME OF LATEST TRANSACTION
control field 20140116120844.0
008 - FIXED-LENGTH DATA ELEMENTS--GENERAL INFORMATION
fixed length control field 090430s2010 cau b 001 0 eng
020 ## - INTERNATIONAL STANDARD BOOK NUMBER
International Standard Book Number 9781847871794
050 00 - LIBRARY OF CONGRESS CALL NUMBER
Classification number BF713.B43 2010
100 1# - MAIN ENTRY--PERSONAL NAME
Personal name Beckett, Chris,
Dates associated with a name 1955-
245 10 - TITLE STATEMENT
Title Human growth and development /
Statement of responsibility, etc Chris Beckett and Hilary Taylor.
250 ## - EDITION STATEMENT
Edition statement 2nd ed.
260 ## - PUBLICATION, DISTRIBUTION, ETC. (IMPRINT)
Place of publication, distribution, etc Los Angeles ;
-- London :
Name of publisher, distributor, etc SAGE,
Date of publication, distribution, etc c2010.
300 ## - PHYSICAL DESCRIPTION
Extent vii, 222 p. ;
Dimensions 23 cm.
500 ## - GENERAL NOTE
General note Previous ed.: 2002.
504 ## - BIBLIOGRAPHY, ETC. NOTE
Bibliography, etc Includes bibliographical references and index.
650 #0 - SUBJECT ADDED ENTRY--TOPICAL TERM
Topical term or geographic name as entry element Developmental psychology.
700 1# - ADDED ENTRY--PERSONAL NAME
Personal name Taylor, Hilary.
942 ## - ADDED ENTRY ELEMENTS (KOHA)
Source of classification or shelving scheme
Koha item type Book
Holdings
Withdrawn status Lost status Source of classification or shelving scheme Damaged status Not for loan Home library Current library Shelving location Date acquired Total Checkouts Full call number Barcode Date last seen Date checked out Copy number Price effective from Koha item type Total Renewals
          Riara University Library Riara University Library Short Loan 03/12/2012 5 BF713.B43 2010 3593/12 05/09/2017 03/04/2017 C.1 03/12/2012 Book on Shortloan  
          Riara University Library Riara University Library   03/12/2012 12 BF713.B43 2010 3592/12 13/01/2017 13/01/2017 C.2 03/12/2012 Book  
          Riara University Library Riara University Library   03/12/2012 11 BF713.B43 2010 3591/12 09/02/2019 07/02/2019 C.3 03/12/2012 Book 1
          Riara University Library Riara University Library   24/08/2014 2 BF713.B43 2010 4841/14 31/01/2017 27/01/2017 C.4 24/08/2014 Book  
          Riara University Library Riara University Library   24/08/2014   BF713.B43 2010 4842/14 24/08/2014   C.5 24/08/2014 Book  
          Riara University Library Riara University Library   24/08/2014 2 BF713.B43 2010 4843/14 16/04/2015 16/02/2015 C.6 24/08/2014 Book  

Riara University Library,
P.O. Box 49940-00100,
Nairobi, Kenya.